02127nam a2200385 a 4500001001200000003000800012006001900020007001500039008004100054010001700095020002500112020002700137040002100164035002100185050002700206082001400233245012400247260003500371300002500406504005100431520067700482533015201159650003301311650003801344650002701382650002801409650004201437655002901479700002601508700002801534700001901562710001701581856012601598999001701724ebr10630488CaPaEBRm u cr cn|||||||||120118s2012 njua sb 001 0 eng d z 2011051078 z9780470657591 (pbk.) z9781119968436 (e-book) aCaPaEBRcCaPaEBR a(OCoLC)78821305114aNA9053.H76bE54 2012eb04a690.222300aEnhancing building performanceh[electronic resource] /cedited by Shauna Mallory-Hill, Wolfgang Preiser, Chris Watson. aHoboken, N.J. :bWiley,c2012. axxix, 330 p. :bill. aIncludes bibliographical references and index. a"Enhancing Building Performance presents the latest BPE work, providing a systematic approach for those who wish to use BPE to deliver improved building performance that is responsive to the needs of stakeholders. With chapters written by experts from around the world the book demonstrates how to apply BPE to enhance building design. Topics covered include: evidence-based and integrative design processes, evaluation methods and tools, and education and knowledge transfer. In addition, case studies provide specific examples of how BPE has been used to study such things as the impact of workplace design on human productivity and innovation"--cProvided by publisher. aElectronic reproduction.bPalo Alto, Calif. :cebrary,d2011.nAvailable via World Wide Web.nAccess may be limited to ebrary affiliated libraries. 0aArchitecturexHuman factors. 0aArchitectural designxEvaluation. 0aBuildingsxEvaluation. 0aBuildingsxPerformance. 0aOffice layoutxPsychological aspects. 7aElectronic books.2local1 aMallory-Hill, Shauna.1 aPreiser, Wolfgang F. E.1 aWatson, Chris.2 aebrary, Inc.40uhttp://site.ebrary.com/lib/rucke/Doc?id=10630488zAn electronic book accessible through the World Wide Web; click to view c52758d52758